Loading...
| Fine Arts - Classical Music | 0 | 8 | 1 | 0 | 75 | 24 | 62.25 | 2 | 5 | 0.00 | 0.00 |
| Science - Physics | 0 | 7 | 3 | 0 | 55 | 17 | 29.00 | 4 | 7 | 0.00 | 0.00 |
| Science - Chemistry | 0 | 6 | 2 | 0 | 50 | 17 | 34.83 | 1 | 5 | 0.00 | 0.00 |
| Painting/Sculpture | 0 | 5 | 1 | 0 | 45 | 34 | 57.00 | 1 | 4 | 0.00 | 0.00 |
| Science - Other | 0 | 4 | 0 | 1 | 40 | 27 | 44.75 | 1 | 3 | 0.00 | 0.00 |
| Science - Biology | 0 | 4 | 3 | 0 | 25 | 13 | 47.00 | 1 | 2 | 0.00 | 0.00 |
| Fine Arts - Other | 0 | 3 | 1 | 0 | 25 | 44 | 62.33 | 0 | 3 | 0.00 | 0.00 |
| Social Science | 0 | 1 | 0 | 0 | 10 | 29 | 29.00 | 0 | 1 | 0.00 | 0.00 |
| Current Events | 0 | 1 | 0 | 1 | 10 | 110 | 110.00 | 0 | 0 | 0.00 | 0.00 |